|
|
|
|
| LEADER |
01671nam a22003017a 4500 |
| 001 |
37555 |
| 003 |
BD-DhAAL |
| 008 |
211103t2000 bg ||||| i||| 001 0 ben d |
| 999 |
|
|
|c 43313
|d 43313
|
| 020 |
|
|
|a 984812714X
|
| 040 |
|
|
|a BD-DhAAL
|
| 041 |
|
|
|a ben
|
| 082 |
|
|
|a 306.095492
|
| 100 |
|
|
|a আহমদ, সালাহউদ্দীন
|9 42343
|
| 245 |
|
|
|a উনিশ শতকে বাংলার সমাজ-চিন্তা ও সমাজ বিবর্তন :
|n ১৮১৮-১৮৩৫ /
|c সালাহউদ্দীন আহমদ ; সালাহউদ্দীন আহমদ, বেলাল চৌধুরী, সুব্রত বড়ুয়া (অনুবাদিত)
|
| 250 |
|
|
|a প্রথম প্রকাশ
|
| 260 |
|
|
|a ঢাকা :
|b ইন্টারন্যাশনাল সেন্টার ফর বেঙ্গল স্টাডিজ,
|c ২০০০.
|
| 300 |
|
|
|a ১৭৫ পৃষ্ঠা ;
|b ২২ সে.মি.
|
| 500 |
|
|
|a নির্ঘণ্ট অন্তর্ভুক্ত।
|
| 526 |
|
|
|a BIED
|
| 541 |
|
|
|a Complimentary copy from BIED
|e 37555
|
| 651 |
|
|
|a Bangladesh
|x Social conditions.
|9 42344
|
| 700 |
|
|
|a আহমদ, সালাহউদ্দীন
|9 42343
|
| 700 |
|
|
|a চৌধুরী, বেলাল
|9 42345
|
| 700 |
|
|
|a বড়ুয়া, সুব্রত
|9 42346
|
| 852 |
|
|
|a Ayesha Abed Library
|c BIED Collection
|
| 942 |
|
|
|2 ddc
|c BK
|
| 952 |
|
|
|0 0
|1 0
|2 ddc
|4 0
|6 306_095492000000000_AHM
|7 0
|9 69481
|a BRACUL
|b BRACUL
|c GEN
|d 2021-11-03
|e Complimentary copy from BIED
|l 0
|o 306.095492 AHM
|p 3010037555
|r 2021-11-03
|t 1
|w 2021-11-03
|y BK
|x Transferred from BIED to General Stacks
|